| 000 | 00728nam a2200181 4500 | ||
|---|---|---|---|
| 003 | LK-CoMWRAF | ||
| 005 | 20231217172903.0 | ||
| 008 | 231217b |||||||| |||| 00| 0 eng d | ||
| 020 | _a9559636901 | ||
| 040 |
_aLK-CoMWRAF _dLK-CoMWRAF _eLK-CoMWRAF |
||
| 041 | _asin | ||
| 082 |
_a320.95 _bLAN |
||
| 245 |
_aලංකා සමසමාජ පක්ෂය හා පොදුජන එක්සත් පෙරමුණු ආණ්ඩුව : _bඉදිරි කාර්යයන් |
||
| 246 | _aLanka samasamaja pakshaya ha podujana eksath peramunu anduwa : idiri karyayan | ||
| 260 |
_aකොළඹ : _bලේඛන හා පුවත්පත් ප්රකාශන, _c1998 |
||
| 300 | _aපි. 80 | ||
| 942 | _cBK | ||
| 999 |
_c4499 _d4499 |
||